[Event "Portugal Honour 2021"]
[Site "Fatima"]
[Date "2021.04.12"]
[Round "9.8"]
[White "Santos, Ruben"]
[Black "Basilio, Rodrigo"]
[Result "0-1"]
[WhiteElo "1759"]
[BlackElo "1849"]
[Annotator "NA RC"]
[PlyCount "90"]
[EventDate "2021.04.06"]
[EventType "tourn"]
[EventCountry "POR"]
[SourceTitle "playchess.com"]
[Source "ChessBase"]
[SourceQuality "1"]
[TimeControl "5400+30"]

1. d4 {[%emt 0:00:00]} Nf6 {[%emt 0:00:29]} 2. c4 {[%emt 0:00:00]} g6 {[%emt 0:00:08]} 3. Nc3 {[%emt 0:00:00]} Bg7 {[%emt 0:00:05]} 4. e4 {[%emt 0:00:00]} d6 {[%emt 0:00:04]} 5. Be2 {[%emt 0:00:00]} O-O {[%emt 0:00:06]} 6. Bg5 {[%emt 0:00:00]} h6 {[%emt 0:00:39]} 7. Be3 {[%emt 0:00:06]} c5 {[%emt 0:03:29]} 8. f3 {[%emt 0:03:29]} cxd4 {[%emt 0:07:37]} 9. Bxd4 {[%emt 0:00:34]} Nc6 {[%emt 0:01:19]} 10. Be3 {[%emt 0:00:17]} Qa5 {[%emt 0:16:26]} 11. g4 {[%emt 0:01:15]} h5 {[%emt 0:07:20]} 12. g5 {[%emt 0:01:54]} ({White should try} 12. h3 $15) 12... Nd7 {[%emt 0:03:25]} 13. Qd2 {[%emt 0:00:03]} Nc5 {[%emt 0:01:49]} 14. Rb1 {[%emt 0:04:53]} (14. Rc1 $142) 14... Bxc3 {[%emt 0:17:07]} 15. bxc3 {[%emt 0:00:35]} a6 {[%emt 0:01:33]} 16. Bxc5 {[%emt 0:15:48]} Qxc5 {[%emt 0:01:43]} 17. f4 {[%emt 0:01:25]} Be6 {[%emt 0:05:35]} 18. Rxb7 {[%emt 0:11:22]} Bxc4 {[%emt 0:03:48]} 19. Nf3 {[%emt 0:07:48]} Rab8 {[%emt 0:02:33]} 20. Rxb8 {[%emt 0:06:01]} Rxb8 {[%emt 0:00:04]} 21. Qc1 {[%emt 0:00:35]} Bxa2 {[%emt 0:00:43]} 22. Nd2 {[%emt 0:03:37]} Qe3 {[%emt 0:03:20]} 23. Qa1 {[%emt 0:01:04]} Be6 {[%emt 0:06:38]} 24. Rf1 {[%emt 0:10:52]} Bg4 {[%emt 0:10:07]} 25. Qxa6 {[%emt 0:04:33]} Nb4 {[%emt 0:04:14]} 26. cxb4 {[%emt 0:04:28]} Rc8 {[%emt 0:00:02]} 27. Qxc8+ {[%emt 0:05:52]} Bxc8 {[%emt 0:00:01]} 28. Rf3 {[%emt 0:00:15]} Qg1+ {[%emt 0:00:02]} 29. Bf1 {[%emt 0:04:39]} Qxh2 {[%emt 0:01:01]} 30. b5 {[%emt 0:00:07]} Qg1 {[%emt 0:00:21]} 31. Rf2 {[%emt 0:00:26]} Qg3 {[%emt 0:00:13]} 32. Be2 {[%emt 0:03:45]} h4 {[%emt 0:01:12]} 33. Nf1 {[%emt 0:00:34]} Qc3+ {[%emt 0:00:04]} 34. Kd1 {[%emt 0:00:14]} Qd4+ {[%emt 0:00:16]} 35. Ke1 {[%emt 0:01:33]} Qxe4 {[%emt 0:00:02]} 36. Nd2 {[%emt 0:06:44]} Qb4 {[%emt 0:00:40]} 37. Rf3 {[%emt 0:02:04]} h3 {[%emt 0:01:00]} 38. Rb3 {[%emt 0:01:18]} Qxf4 {[%emt 0:00:01]} 39. Bf3 {[%emt 0:00:21]} h2 {[%emt 0:00:02]} 40. Bh1 {[%emt 0:00:51]} Qxg5 {[%emt 0:00:33]} 41. Ke2 {[%emt 0:00:35]} Be6 {[%emt 0:01:14]} (41... Qg1 $142 42. Bc6 Bg4+ 43. Kd3 Qe1 44. Kc3 Bf5 45. Bf3 Qe3+ 46. Kb4 Qxd2+ 47. Rc3 Be6 48. Bh1 Qd4+ 49. Rc4 Bxc4 50. Ka5 Bd5 51. Bxd5 Qxd5 52. Kb4 h1=Q 53. Ka5 Qa1+ 54. Kb6 Qc5+ 55. Kb7 Qaa7#) 42. Rb1 {[%emt 0:00:20]} Bd5 {[%emt 0:00:02]} 43. Nf3 {[%emt 0:00:38]} Qf4 {[%emt 0:00:19]} 44. Nd2 {[%emt 0:00:31]} Bxh1 $19 {[%emt 0:00:33]} 45. Rxh1 {[%emt 0:00:06]} Qb4 {[%emt 0:00:15]} 0-1

[Event "Portugal Honour 2021"]
[Site "Fatima"]
[Date "2021.04.12"]
[Round "9.9"]
[White "Lavrador, Rodolfo"]
[Black "Morais, Vitor"]
[Result "1/2-1/2"]
[WhiteElo "1815"]
[BlackElo "1904"]
[Annotator "TA"]
[PlyCount "116"]
[EventDate "2021.04.06"]
[EventType "tourn"]
[EventCountry "POR"]
[SourceTitle "playchess.com"]
[Source "ChessBase"]
[SourceQuality "1"]

{[%evp 9,116,33,40,13,37,16,22,14,23,15,21,-35,-35,-29,-18,-14,-9,-19,-2,-44,-13,-21,-18,-27,-16,-17,-8,-11,-10,-16,-6,-10,-6,-5,-10,-31,0,0,0,9,28,28,56,39,69,31,35,36,37,6,18,17,25,24,14,0,0,0,11,-49,0,-6,0,0,0,-22,0,0,0,0,48,0,0,0,0,-87,-62,-61,-56,-71,-66,-64,-69,-500,-497,-322,0,0,0,0,0,0,0,0,0,0,0,0,0,0,0,0,0,0,0,0,0,0,0]} 1. e4 d5 2. exd5 Qxd5 3. Nc3 Qd6 4. Nf3 a6 5. Be2 Nf6 6. d3 {B01: Scandinavian Defence.} g6 7. O-O Bg7 8. Ne4 Nxe4 9. dxe4 {[#]} O-O $146 ({Predecessor:} 9... Qxd1 10. Rxd1 Nc6 11. c3 e5 12. Be3 O-O 13. h3 Re8 14. Ne1 Be6 15. Nc2 Bf6 {½-½ (24) Gaskarova,E-Kalmykova,T Penza 2006}) 10. Qxd6 ({Better is} 10. c3 $11) 10... exd6 $15 11. c3 Nc6 12. Bf4 Re8 13. Bd3 Bg4 14. Nd2 h6 15. h3 Be6 16. a3 Rad8 17. Rad1 Ne5 18. Bc2 b5 19. Bg3 a5 {[%cal Ba6a5,Ba5a4][%mdl 32]} 20. f4 Nc4 21. Nxc4 Bxc4 22. Rfe1 a4 23. Kf2 c6 24. Kf3 d5 25. e5 Rd7 26. Bf2 Rde7 27. g4 g5 28. Bc5 Rb7 29. Re3 (29. Bd6 {is more complex.} gxf4 30. h4 Bb3 31. Bxb3 axb3 32. Kxf4 Rd7 33. g5) 29... gxf4 30. Kxf4 Bf8 31. Bxf8 Kxf8 32. Rde1 Rbe7 33. h4 Kg7 34. Kf5 (34. Rg3 $11) 34... c5 35. g5 d4 36. gxh6+ Kxh6 37. Rg3 Re6 38. cxd4 cxd4 39. Kf4 Rd8 (39... f6 $5 {[%cal Rf6e5]} 40. Rg6+ Kh5 $15) 40. Rg5 d3 $36 {[%mdl 2048] Black is pushing.} 41. Bd1 Rd4+ 42. Kg3 (42. Re4 $11 {keeps the balance.} Rd8 43. Ke3) 42... Rg6 (42... Rc6 {with more complications.} 43. Rh1 d2 44. Kf2 Rxh4 45. Rgg1 Rxh1 46. Rxh1+ Kg5) 43. Rxg6+ Kxg6 {[%mdl 4096] Endgame KRB-KRB} 44. h5+ Kh6 45. Kf2 d2 {[#] ( -> ...Rf4+)} 46. Re3 $2 {[%mdl 8192]} ({White must play} 46. Rg1 $15) 46... Bb3 $19 47. Ke2 Bxd1+ ({Stronger than} 47... Kxh5 48. Bxb3 (48. Rxb3 axb3 49. Ke3+ Rg4 $11) 48... axb3 49. Kd1 $11) (47... Be6 $19 {And now ...Bg4+ would win.} 48. Kf2 Bb3) 48. Kxd1 $11 {The position is equal.} Kxh5 $19 {KR-KR} 49. e6 fxe6 50. Rxe6 Kg5 51. Re5+ Kf4 52. Rxb5 Ke3 53. Re5+ $1 Kd3 54. Re2 Kc4 55. Rxd2 Rxd2+ 56. Kxd2 Kb3 57. Kc1 Kc4 58. Kc2 Kd4 {Weighted Error Value: White=0.28/Black=0.17} 1/2-1/2

[Event "Portugal Honour 2021"]
[Site "Fatima"]
[Date "2021.04.12"]
[Round "9.10"]
[White "Barrento, Jorge"]
[Black "Santos, Julio"]
[Result "1-0"]
[WhiteElo "1724"]
[BlackElo "1884"]
[Annotator "NA RC"]
[PlyCount "89"]
[EventDate "2021.04.06"]
[EventType "tourn"]
[EventCountry "POR"]
[SourceTitle "playchess.com"]
[Source "ChessBase"]
[SourceQuality "1"]
[TimeControl "5400+30"]

1. d4 {[%emt 0:03:07]} Nf6 {[%emt 0:00:00]} 2. Nf3 {[%emt 0:00:04]} g6 {[%emt 0:00:08]} 3. Bg5 {[%emt 0:00:06]} Bg7 {[%emt 0:00:07]} 4. Nbd2 {[%emt 0:00:05]} O-O {[%emt 0:01:33]} 5. e3 {[%emt 0:01:49]} b6 {[%emt 0:01:44]} 6. Bd3 {[%emt 0:00:26]} Bb7 {[%emt 0:00:49]} 7. O-O {[%emt 0:02:14]} d6 {[%emt 0:00:28]} 8. Qe2 {[%emt 0:04:31]} Nbd7 {[%emt 0:00:51]} 9. e4 {[%emt 0:03:23]} e5 {[%emt 0:01:16]} 10. c3 {[%emt 0:04:26]} Re8 {[%emt 0:01:14]} 11. dxe5 {[%emt 0:03:41]} dxe5 {[%emt 0:01:12]} 12. Rfd1 {[%emt 0:03:44]} Qe7 {[%emt 0:05:43]} 13. Bc2 {[%emt 0:07:52]} h6 {[%emt 0:01:06]} 14. Bxf6 {[%emt 0:01:10]} Qxf6 {[%emt 0:03:29]} 15. Nf1 {[%emt 0:03:39]} Nc5 {[%emt 0:03:29]} 16. Qe3 {[%emt 0:04:36]} Red8 {[%emt 0:02:07]} (16... a5 $17) 17. Ng3 {[%emt 0:01:52]} Ne6 {[%emt 0:01:15]} 18. Ne2 {[%emt 0:03:21]} Bf8 {[%emt 0:01:48]} 19. b4 {[%emt 0:03:23]} Kh7 {[%emt 0:03:23]} 20. Ne1 {[%emt 0:03:30]} ({Better is} 20. h4 $15) 20... h5 {[%emt 0:07:30]} 21. Qf3 {[%emt 0:02:48]} Qe7 {[%emt 0:01:17]} 22. h4 {[%emt 0:04:07]} f5 {[%emt 0:09:37]} 23. Qg3 {[%emt 0:03:19]} f4 $17 24. Qh3 {[%emt 0:02:26]} c5 {[%emt 0:03:25]} 25. b5 {[%emt 0:01:24]} c4 {[%emt 0:00:54]} 26. Nf3 {[%emt 0:01:39]} Qf6 {[%emt 0:05:54]} 27. Qxe6 {[%emt 0:00:23]} Qxe6 {[%emt 0:01:20]} 28. Ng5+ {[%emt 0:00:02]} Kg8 {[%emt 0:00:35]} 29. Nxe6 {[%emt 0:00:09]} Rxd1+ {[%emt 0:04:34]} 30. Rxd1 {[%emt 0:00:31]} Re8 {[%emt 0:00:29]} 31. Nxf8 {[%emt 0:03:33]} Kxf8 {[%emt 0:00:12]} 32. f3 {[%emt 0:00:40]} Ke7 {[%emt 0:00:39]} 33. Kf2 {[%emt 0:00:51]} Ke6 {[%emt 0:04:43]} 34. a4 {[%emt 0:01:08]} Re7 {[%emt 0:03:09]} 35. Nc1 {[%emt 0:00:06]} Rg7 {[%emt 0:00:36]} 36. Na2 {[%emt 0:00:14]} g5 {[%emt 0:00:40]} 37. hxg5 {[%emt 0:00:11]} Rxg5 {[%emt 0:00:02]} 38. Nb4 {[%emt 0:00:16]} h4 {[%emt 0:00:47]} 39. Nd5 {[%emt 0:00:23]} Rg7 {[%emt 0:00:14]} 40. Bb1 {[%emt 0:01:03]} Rg8 {[%emt 0:02:20]} 41. Ba2 {[%emt 0:02:42]} Rc8 {[%emt 0:00:15]} 42. Nb4 {[%emt 0:01:22]} Kf6 {[%emt 0:01:36]} 43. Rd7 Rb8 {[%emt 0:00:43]} 44. Nc6 {[%emt 0:03:10]} Ke6 {[%emt 0:00:24]} 45. Nxb8 {[%emt 0:00:13]} 1-0